Design of clothing manufacturing processes : (Record no. 167155)
[ view plain ]
| 000 -LEADER | |
|---|---|
| fixed length control field | 00842cam a22002537i 4500 |
| 008 - FIXED-LENGTH DATA ELEMENTS--GENERAL INFORMATION | |
| fixed length control field | |
| 020 ## - INTERNATIONAL STANDARD BOOK NUMBER | |
| International Standard Book Number | 9780857097781 (hbk.) |
| 049 ## - LOCAL HOLDINGS (OCLC) | |
| Holding library | MAIN |
| 090 ## - LOCALLY ASSIGNED LC-TYPE CALL NUMBER (OCLC); LOCAL CALL NUMBER (RLIN) | |
| Classification number (OCLC) (R) ; Classification number, CALL (RLIN) (NR) | TT497 |
| Local cutter number (OCLC) ; Book number/undivided call number, CALL (RLIN) | GER |
| 003 - CONTROL NUMBER IDENTIFIER | |
| control field | |
| 005 - DATE AND TIME OF LATEST TRANSACTION | |
| control field | 20230123141054.0 |
| 040 ## - CATALOGING SOURCE | |
| Transcribing agency | NUST |
| 100 1# - MAIN ENTRY--PERSONAL NAME | |
| Personal name | Gersak, Jelka. |
| 245 10 - TITLE STATEMENT | |
| Title | Design of clothing manufacturing processes : |
| Remainder of title | a systematic approach to planning, scheduling and control / |
| Statement of responsibility, etc. | Jelka Gersak. |
| 260 ## - PUBLICATION, DISTRIBUTION, ETC. | |
| Place of publication, distribution, etc. | Oxford : |
| Name of publisher, distributor, etc. | Woodhead Publishing, |
| Date of publication, distribution, etc. | 2013. |
| 300 ## - PHYSICAL DESCRIPTION | |
| Extent | xvi, 305 p. : |
| Other physical details | ill. ; |
| Dimensions | 24 cm. |
| 440 1# - SERIES STATEMENT/ADDED ENTRY--TITLE | |
| Title | Woodhead publishing series in textiles ; |
| Volume/sequential designation | no. 147 |
| 500 ## - GENERAL NOTE | |
| General note | Includes index. |
| 504 ## - BIBLIOGRAPHY, ETC. NOTE | |
| Bibliography, etc. note | Includes bibliographical references. |
| 650 #0 - SUBJECT ADDED ENTRY--TOPICAL TERM | |
| Topical term or geographic name entry element | Ready-to-wear clothing industry. |
| 650 #0 - SUBJECT ADDED ENTRY--TOPICAL TERM | |
| Topical term or geographic name entry element | Clothing trade. |
| 907 ## - LOCAL DATA ELEMENT G, LDG (RLIN) | |
| a | .b10387845 |
| b | 03-09-18 |
| c | 18-01-18 |
| 942 ## - ADDED ENTRY ELEMENTS (KOHA) | |
| Koha item type | Ordinary Loan Books |
| Call number prefix | TT497 |
| Call number suffix | GER |
| Date last seen | Total Checkouts | Full call number | Barcode | Cost, replacement price | Price effective from | Koha item type | Lost status | Source of classification or shelving scheme | Damaged status | Not for loan | Collection | Withdrawn status | Home library | Current library | Shelving location | Date acquired | Cost, normal purchase price |
|---|---|---|---|---|---|---|---|---|---|---|---|---|---|---|---|---|---|
| 01/23/2023 | TT497 GER | 92004044159 | 80.00 | 01/23/2023 | BOOKS | LCC | NFIC | MAIN | MAIN | GEN | 01/23/2023 | 80.00 |